000
00282nam a2200145Ia 4500
100
_a
Que Dev group
942
_c
BK
654
_a
MS-DOS
245
_a
Using MS-DOS 5
260
_b
QUE
_a
Carmel
_c
1991
082
_a
5.133
_b
QUE
300
_a
728
546
_a
ENGLISH
999
_c
19750
_d
19750